| 000 | 00544nam a22001817a 4500 | ||
|---|---|---|---|
| 003 | OSt | ||
| 005 | 20140310181712.0 | ||
| 008 | 121210t xxu||||| |||| 00| 0 eng d | ||
| 020 | _a9715690904 | ||
| 050 |
_aDS 686.5 _b.R389 1993 |
||
| 082 |
_aFIL 320.9599 _bR288 1993 |
||
| 100 | _aRempel, William | ||
| 245 |
_aDelusions of a dictator : _cWilliam Rempel. _bthe mind of Marcos as revealed in his secret diaries / |
||
| 260 |
_aBoston : _bLittle, Brown, _c1993. |
||
| 300 |
_a245 p. : _bill. ; _c24 cm. |
||
| 942 |
_2lcc _cBK _kFIL |
||
| 999 |
_c1583 _d1583 |
||